logo

Bir Sreshtho Munshi Abdur Rouf Library
Jhenaidah Cadet College

Press of a switch; (Record no. 8942)

MARC details
000 -LEADER
fixed length control field 00838cam a22002531 4500
001 - CONTROL NUMBER
JCCL Control Number 8942
003 - CONTROL NUMBER IDENTIFIER
JCCL marc code BD-JhCC
005 - DATE AND TIME OF LATEST TRANSACTION
control field 20180920092037.0
008 - FIXED-LENGTH DATA ELEMENTS--GENERAL INFORMATION
fixed length control field 820331s1962 enka j 000 0 eng
035 ## - SYSTEM CONTROL NUMBER
system control number (BD-JhCC)8942
040 ## - CATALOGING SOURCE
Original cataloging agency DLC
Transcribing agency OKentU
Modifying agency OCoLC
-- Uk
-- DLC
-- BD-JhCC
041 ## - LANGUAGE CODE
Language code of Book eng
050 00 - LIBRARY OF CONGRESS CALL NUMBER
Classification number TK148
Item number .B34
082 ## - DEWEY DECIMAL CLASSIFICATION NUMBER
Classification number 621.3
Author mark and Year BAK 1962
100 1# - MAIN ENTRY--PERSONAL NAME
Personal name Baker, George Edward,
Dates associated with a name 1902-
245 10 - TITLE STATEMENT
Title Press of a switch;
Remainder of title about electricity and power stations /
Statement of responsibility, etc written and illustrated by George Baker.
260 ## - PUBLICATION, DISTRIBUTION, ETC. (IMPRINT)
Place of publication, distribution, etc London,
Name of publisher, distributor, etc Odhams Press
Date of publication, distribution, etc [1962]
300 ## - PHYSICAL DESCRIPTION
Pagination 160 p.
Other physical details diagrs.
Dimensions 22 cm.
500 ## - GENERAL NOTE
General note Label on t.p.: Transatlantic Arts, inc., Hollywood-by-the-Sea, Florida.
650 #0 - SUBJECT ADDED ENTRY--TOPICAL TERM
Topical term or geographic name as entry element Electrical engineering
Form subdivision Juvenile literature.
650 #0 - SUBJECT ADDED ENTRY--TOPICAL TERM
Topical term or geographic name as entry element Electric power-plants
Form subdivision Juvenile literature.
942 ## - ADDED ENTRY ELEMENTS (KOHA)
Source of classification or shelving scheme Dewey Decimal Classification
Koha item type Books
Holdings
Source of classification or shelving scheme Damaged status Not for loan Home library Current library Shelving location Total Checkouts Full call number Barcode Date last seen Copy number Koha item type
Dewey Decimal Classification     JCC Rouf Library JCC Rouf Library General Stacks   621.3 BAK 1962 11643 03/05/2018 C - 1 Books

JCC Library | Contacts | JCC Home

Last Update on 23 September 2017
Copyright @ 2017-2020 JCC Rouf Library
Rouf Library, Jhenidah Cadet College (JCC), Bangladesh